00593cam a22001933a 450000100060000000300060000600500170001200800410002904000150007004200070008510000120009224501300010426000290023450600300026351600200029370000150031383000290032885600420035739560PGUSA20140828083859.0120428s2012||||xxu|||||s|||||000 | eng d aPGUSAbeng adc1 aUnknown10aFairy Circles :bTales and Legends of Giants, Dwarfs, Fairies, Water-Sprites and Hobgoblinsh[electronic resource] /cUnknown bProject Gutenberg,c2012 aPublic domain in the USA. aElectronic text1 aVillamaria 0aProject Gutenbergv3956040uhttp://www.gutenberg.org/ebooks/39560